000 00475cam a2200205 4500
001 D3079
008 090401t1967 xxu||||| |||| 00| 0 eng d
035 _a(Sirsi) u71799
041 _aeng
050 _a526.9
100 _aDavis, Raymond E.
245 _aElementary plane surveying
250 _a4th
260 _aNew York
_bMcGraw-Hill Book Co
_c1967
300 _axvii. 574p. 23cm
350 _a4.8
700 _aKelly, Joe W
942 _n0
948 _c04/03/1997
999 _c95440
_d95440